<?xml version='1.0' encoding='UTF-8'?>
  <record xmlns="http://www.loc.gov/MARC21/slim">
    <leader>00000cam a2200000 i 4500</leader>
    <controlfield tag="001">on1570203548</controlfield>
    <controlfield tag="003">OCoLC</controlfield>
    <controlfield tag="005">20260207175933.6</controlfield>
    <controlfield tag="008">260127s1483    be            000 0 lat d</controlfield>
    <datafield tag="040" ind1=" " ind2=" ">
      <subfield code="a">QGJ</subfield>
      <subfield code="b">eng</subfield>
      <subfield code="e">rda</subfield>
      <subfield code="e">dcrmr</subfield>
      <subfield code="c">QGJ</subfield>
      <subfield code="d">QGJ</subfield>
      <subfield code="d">OCLCO</subfield>
      <subfield code="d">QGJ</subfield>
      <subfield code="d">OCLCO</subfield>
    </datafield>
    <datafield tag="035" ind1=" " ind2=" ">
      <subfield code="a">(OCoLC)1570203548</subfield>
    </datafield>
    <datafield tag="100" ind1="1" ind2=" ">
      <subfield code="a">Petrarca, Francesco,</subfield>
      <subfield code="d">1304-1374,</subfield>
      <subfield code="e">author.</subfield>
      <subfield code="4">aut</subfield>
      <subfield code="1">https://id.oclc.org/worldcat/entity/E39PCjGHPHxR7fmgKTMWPF3h9C</subfield>
    </datafield>
    <datafield tag="240" ind1="1" ind2="0">
      <subfield code="a">De rebus memorandis</subfield>
    </datafield>
    <datafield tag="245" ind1="1" ind2="0">
      <subfield code="a">Francisci petrarche poete laureati reru[m] memorandarum liber primus [-quartus]</subfield>
    </datafield>
    <datafield tag="246" ind1="3" ind2=" ">
      <subfield code="a">Reru[m] memorandarum liber primus [-quartus]</subfield>
    </datafield>
    <datafield tag="246" ind1="1" ind2=" ">
      <subfield code="i">Title according to GW:</subfield>
      <subfield code="a">Rerum memorandarum libri IV</subfield>
    </datafield>
    <datafield tag="246" ind1="1" ind2=" ">
      <subfield code="i">Title according to IDL and  Alblas, J. Incunabelen Rijksuniversiteit te Utrecht:</subfield>
      <subfield code="a">Res memorandae</subfield>
    </datafield>
    <datafield tag="246" ind1="1" ind2=" ">
      <subfield code="i">Title of third work according to BSB-Ink:</subfield>
      <subfield code="a">Historiae sacrae epitome sive de christianarum rerum memoria</subfield>
    </datafield>
    <datafield tag="264" ind1=" " ind2="1">
      <subfield code="a">[Louvain] :</subfield>
      <subfield code="b">[Rodolphus Loeffs de Driel],</subfield>
      <subfield code="c">[1483]</subfield>
    </datafield>
    <datafield tag="300" ind1=" " ind2=" ">
      <subfield code="a">[444] pages ;</subfield>
      <subfield code="c">21 cm (4to)</subfield>
    </datafield>
    <datafield tag="336" ind1=" " ind2=" ">
      <subfield code="a">text</subfield>
      <subfield code="b">txt</subfield>
      <subfield code="2">rdacontent</subfield>
    </datafield>
    <datafield tag="337" ind1=" " ind2=" ">
      <subfield code="a">unmediated</subfield>
      <subfield code="b">n</subfield>
      <subfield code="2">rdamedia</subfield>
    </datafield>
    <datafield tag="338" ind1=" " ind2=" ">
      <subfield code="a">volume</subfield>
      <subfield code="b">nc</subfield>
      <subfield code="2">rdacarrier</subfield>
    </datafield>
    <datafield tag="340" ind1=" " ind2=" ">
      <subfield code="m">4to</subfield>
      <subfield code="2">rdabf</subfield>
    </datafield>
    <datafield tag="500" ind1=" " ind2=" ">
      <subfield code="a">Title from incipit book I (leaf a2 recto), which reads: Francisci petrarche poete laureati reru[m] memorandarum liber primus incipit Feliciter; and incipit book IV (leaf p1 recto), which reads: Rerum memorandaru[m] liber tertius Explicit Sequitur quartus de coniecturis Et primo co[n]iectura Appij claudij quam habuit infecto romanorum virtutem ipso segnicie inarescere</subfield>
    </datafield>
    <datafield tag="500" ind1=" " ind2=" ">
      <subfield code="a">Publication statement from ISTC; dating according to IDL, ILC and BSB-Ink: between 1483 and 1485.</subfield>
    </datafield>
    <datafield tag="500" ind1=" " ind2=" ">
      <subfield code="a">Contains also (leaf x6 recto-y3 verso): Eiusdem francisci petrarche epistola de studiosum suorum successibus ad posteritatem; and (leaf y4 recto-dd2 verso): Liber haymo de chri[st]ianarum rerum memoria.</subfield>
    </datafield>
    <datafield tag="500" ind1=" " ind2=" ">
      <subfield code="a">Explicit "De christianarum rerum memoria" (leaf dd2 verso): Explicit haymo de christianaru[m] rerum memoria qui quod eusebius prolixe, facunde tame[n] ac fecunde historia sua descripserat, breuiter co[m]pendioseq[ue] perstringens re[rum] christiana[rum] ab inicio gestaru[m] edocet ...</subfield>
    </datafield>
    <datafield tag="500" ind1=" " ind2=" ">
      <subfield code="a">"De christianarum rerum memoria" attributed by BSB-Ink to Haimo of Auxerre.</subfield>
    </datafield>
    <datafield tag="500" ind1=" " ind2=" ">
      <subfield code="a">Leaf dd3 recto-dd6verso: table of contents on "De christianarum rerum memoria", with incipit: Incipit tabula huius libri qui diuiditur in libros. x.; and explicit: In hoc finit tabula Haymonis de christiana[rum] rerum memoria cuius materia[m] ex prologo vel ex tactis p[ost] libelli finem latius si libet cognosces.</subfield>
    </datafield>
    <datafield tag="500" ind1=" " ind2=" ">
      <subfield code="a">Capital spaces without guide letters.</subfield>
    </datafield>
    <datafield tag="500" ind1=" " ind2=" ">
      <subfield code="a">Signatures: a-z⁸ [et]⁸ aa-cc⁸ dd⁶; a1 is blank.</subfield>
    </datafield>
    <datafield tag="510" ind1="4" ind2=" ">
      <subfield code="a">Incunabula short title catalogue (ISTC),</subfield>
      <subfield code="c">ip00406000</subfield>
      <subfield code="u">https://data.cerl.org/istc/ip00406000</subfield>
    </datafield>
    <datafield tag="510" ind1="4" ind2=" ">
      <subfield code="a">Gesamtkatalog der Wiegendrucke,</subfield>
      <subfield code="c">M31624</subfield>
      <subfield code="u">https://www.gesamtkatalogderwiegendrucke.de/docs/M31624.htm</subfield>
    </datafield>
    <datafield tag="510" ind1="4" ind2=" ">
      <subfield code="a">Incunabula in Dutch Libraries,</subfield>
      <subfield code="c">3580</subfield>
    </datafield>
    <datafield tag="510" ind1="4" ind2=" ">
      <subfield code="a">Incunabula printed in the Low Countries,</subfield>
      <subfield code="c">1740</subfield>
    </datafield>
    <datafield tag="510" ind1="4" ind2=" ">
      <subfield code="a">Bayerische Staatsbibliothek Inkunabelkatalog,</subfield>
      <subfield code="c">P-261</subfield>
      <subfield code="u">https://inkunabeln.digitale-sammlungen.de/Ausgabe_P-261.html</subfield>
    </datafield>
    <datafield tag="650" ind1=" " ind2="0">
      <subfield code="a">History</subfield>
      <subfield code="v">Anecdotes</subfield>
      <subfield code="v">Early works to 1800.</subfield>
    </datafield>
    <datafield tag="650" ind1=" " ind2="0">
      <subfield code="a">Learning and scholarship</subfield>
      <subfield code="v">Early works to 1800.</subfield>
    </datafield>
    <datafield tag="650" ind1=" " ind2="6">
      <subfield code="a">Histoire</subfield>
      <subfield code="v">Anecdotes</subfield>
      <subfield code="v">Ouvrages avant 1800.</subfield>
    </datafield>
    <datafield tag="650" ind1=" " ind2="7">
      <subfield code="a">Incunabula</subfield>
      <subfield code="2">fast</subfield>
    </datafield>
    <datafield tag="655" ind1=" " ind2="2">
      <subfield code="a">Incunabula</subfield>
    </datafield>
    <datafield tag="655" ind1=" " ind2="7">
      <subfield code="a">incunabula (books)</subfield>
      <subfield code="2">aat</subfield>
    </datafield>
    <datafield tag="655" ind1=" " ind2="7">
      <subfield code="a">Incunables.</subfield>
      <subfield code="2">rvmgf</subfield>
    </datafield>
    <datafield tag="700" ind1="1" ind2="2">
      <subfield code="i">Container of (work):</subfield>
      <subfield code="a">Petrarca, Francesco,</subfield>
      <subfield code="d">1304-1374.</subfield>
      <subfield code="t">Epistola de studiorum suorum successibus ad posteritatem.</subfield>
    </datafield>
    <datafield tag="700" ind1="0" ind2=" ">
      <subfield code="a">Haymo,</subfield>
      <subfield code="c">Bishop of Halberstadt,</subfield>
      <subfield code="d">-853,</subfield>
      <subfield code="e">author.</subfield>
      <subfield code="4">aut</subfield>
      <subfield code="1">https://id.oclc.org/worldcat/entity/E39PBJm97HkVGdJGyFM9QbRFrq</subfield>
    </datafield>
    <datafield tag="700" ind1="0" ind2="2">
      <subfield code="i">Container of (work):</subfield>
      <subfield code="a">Haymo,</subfield>
      <subfield code="c">Bishop of Halberstadt,</subfield>
      <subfield code="d">-853.</subfield>
      <subfield code="t">De Christianarum rerum memoria.</subfield>
    </datafield>
    <datafield tag="700" ind1="0" ind2=" ">
      <subfield code="a">Haimo,</subfield>
      <subfield code="c">of Auxerre,</subfield>
      <subfield code="d">-approximately 855,</subfield>
      <subfield code="e">attributed name.</subfield>
      <subfield code="4">att</subfield>
      <subfield code="1">https://id.oclc.org/worldcat/entity/E39PBJbRq3QFwrxkgY6fcRJMT3</subfield>
    </datafield>
    <datafield tag="700" ind1="0" ind2=" ">
      <subfield code="a">Rudolph,</subfield>
      <subfield code="c">Loeffs,</subfield>
      <subfield code="d">-1491,</subfield>
      <subfield code="e">printer.</subfield>
      <subfield code="4">prt</subfield>
    </datafield>
    <datafield tag="752" ind1=" " ind2=" ">
      <subfield code="a">Belgium</subfield>
      <subfield code="d">Louvain,</subfield>
      <subfield code="e">publication place.</subfield>
      <subfield code="4">pup</subfield>
    </datafield>
  </record>